MARC details
| 000 -LEADER |
| fixed length control field |
02103cas a2200541 i 4500 |
| 003 - CONTROL NUMBER IDENTIFIER |
| control field |
TR-AnTOB |
| 005 - DATE AND TIME OF LATEST TRANSACTION |
| control field |
20230516133036.0 |
| 007 - PHYSICAL DESCRIPTION FIXED FIELD--GENERAL INFORMATION |
| fixed length control field |
ta |
| 008 - FIXED-LENGTH DATA ELEMENTS--GENERAL INFORMATION |
| fixed length control field |
960503d19uu19uutu ar s 0 0tur c |
| 010 ## - LIBRARY OF CONGRESS CONTROL NUMBER |
| LC control number |
2008219016 |
| Canceled/invalid LC control number |
97648101 |
| -- |
sn 96031913 |
| 016 7# - NATIONAL BIBLIOGRAPHIC AGENCY CONTROL NUMBER |
| Record control number |
019281323 |
| Source |
DE-101 |
|
| Record control number |
1434035-5 |
| Source |
DE-600 |
| 022 ## - INTERNATIONAL STANDARD SERIAL NUMBER |
| International Standard Serial Number |
1300-3879 |
| ISSN-L |
1300-3879 |
| 035 ## - SYSTEM CONTROL NUMBER |
| System control number |
(OCoLC)ocm34674545 |
|
| System control number |
(TR-AnTOB) |
| 040 ## - CATALOGING SOURCE |
| Original cataloging agency |
HLS |
| Language of cataloging |
eng |
| Description conventions |
rda |
| Transcribing agency |
HLS |
| Modifying agency |
HUL |
| -- |
DLC |
| -- |
SYS |
| -- |
OCLCQ |
| -- |
DLC |
| -- |
OCLCQ |
| -- |
DEBBG |
| -- |
GBVCP |
| -- |
OCLCQ |
| -- |
OCLCO |
| -- |
OCLCF |
| -- |
OCLCA |
| -- |
OCLCO |
| -- |
OCLCA |
| -- |
OCLCQ |
| -- |
TR-AnTOB |
| 041 0# - LANGUAGE CODE |
| Language code of text/sound track or separate title |
Türkçe |
| 043 ## - GEOGRAPHIC AREA CODE |
| Geographic area code |
a-tu--- |
| 050 00 - LIBRARY OF CONGRESS CALL NUMBER |
| Classification number |
HC491 |
| Item number |
.Y55 |
| 090 ## - LOCALLY ASSIGNED LC-TYPE CALL NUMBER (OCLC); LOCAL CALL NUMBER (RLIN) |
| Classification number (OCLC) (R) ; Classification number, CALL (RLIN) (NR) |
HC491 |
| Local cutter number (OCLC) ; Book number/undivided call number, CALL (RLIN) |
.Y55 |
| 245 00 - TITLE STATEMENT |
| Title |
Yılına girerken Türk ekonomisi. |
| 264 #1 - PRODUCTION, PUBLICATION, DISTRIBUTION, MANUFACTURE, AND COPYRIGHT NOTICE |
| Place of production, publication, distribution, manufacture |
Tepebaşı, İstanbul : |
| Name of producer, publisher, distributor, manufacturer |
Türk Sanayicileri ve İş Adamları Derneği, |
| Date of production, publication, distribution, manufacture, or copyright notice |
1996- |
| 300 ## - PHYSICAL DESCRIPTION |
| Extent |
volumes : |
| Other physical details |
illustrations ; |
| Dimensions |
28 cm |
| 310 ## - CURRENT PUBLICATION FREQUENCY |
| Current publication frequency |
Annual |
| 336 ## - CONTENT TYPE |
| Content type term |
text |
| Content type code |
txt |
| Source |
rdacontent |
| 337 ## - MEDIA TYPE |
| Media type term |
unmediated |
| Media type code |
n |
| Source |
rdamedia |
| 338 ## - CARRIER TYPE |
| Carrier type term |
volume |
| Carrier type code |
nc |
| Source |
rdacarrier |
| 490 0# - SERIES STATEMENT |
| Series statement |
TÜSİAD ; |
| Volume/sequential designation |
yayın no: TÜSİAD-T/99,248 |
| 588 ## - SOURCE OF DESCRIPTION NOTE |
| Source of description note |
Description based on: 1993. |
|
| Source of description note |
Latest issue consulted: 1995. |
| 590 ## - LOCAL NOTE (RLIN) |
| Local note |
SERBIB/SERLOC merged record |
| 648 #7 - SUBJECT ADDED ENTRY--CHRONOLOGICAL TERM |
| Chronological term |
Since 1960 |
| Source of heading or term |
fast |
| 650 #7 - SUBJECT ADDED ENTRY--TOPICAL TERM |
| Topical term or geographic name entry element |
Economic history. |
| Source of heading or term |
fast |
| Authority record control number or standard number |
(OCoLC)fst00901974 |
|
| Topical term or geographic name entry element |
Economic policy. |
| Source of heading or term |
fast |
| Authority record control number or standard number |
(OCoLC)fst00902025 |
|
| Topical term or geographic name entry element |
Wirtschaftslage. |
| Source of heading or term |
stw |
|
| Topical term or geographic name entry element |
Türkei. |
| Source of heading or term |
stw |
| 651 #7 - SUBJECT ADDED ENTRY--GEOGRAPHIC NAME |
| Geographic name |
Türkiye |
| General subdivision |
Ekonomik durum |
| Chronological subdivision |
1960- |
| Form subdivision |
Süreli yayınlar |
| Source of heading or term |
etuturkob |
| 9 (RLIN) |
65270 |
|
| Geographic name |
Türkiye |
| General subdivision |
Ekonomi politikası |
| Form subdivision |
Süreli Yayınlar |
| 9 (RLIN) |
93359 |
|
| Geographic name |
Türkiye |
| General subdivision |
Ekonomik durum |
| Chronological subdivision |
1960- |
| Form subdivision |
İstatistikler |
| -- |
Süreli Yayınlar |
| Source of heading or term |
etuturkob |
| 9 (RLIN) |
65353 |
|
| Geographic name |
Turkey. |
| Source of heading or term |
fast |
| Authority record control number or standard number |
(OCoLC)fst01208963 |
| 655 #7 - INDEX TERM--GENRE/FORM |
| Genre/form data or focus term |
Periodicals. |
| Source of term |
fast |
| Authority record control number |
(OCoLC)fst01411641 |
|
| Genre/form data or focus term |
Statistics. |
| Source of term |
fast |
| Authority record control number |
(OCoLC)fst01423727 |
| 710 2# - ADDED ENTRY--CORPORATE NAME |
| Corporate name or jurisdiction name as entry element |
Türk Sanayicileri ve İş Adamları Derneği |
| 9 (RLIN) |
18434 |
| 785 00 - SUCCEEDING ENTRY |
| Title |
Türkiye ekonomisi (Türk Sanayicileri ve İş Adamları Derneği) |
| Record control number |
(DLC) 2004637165 |
| -- |
(OCoLC)166355975 |
| -- |
(TR-AnTOB)200451172 |
| 942 ## - ADDED ENTRY ELEMENTS (KOHA) |
| Source of classification or shelving scheme |
Library of Congress Classification |
| Koha item type |
Continuing Resource |